书目信息 |
| 题名: |
普法战争
|
|
| 作者: | 瓦夫罗 著 ;林国荣 译 | |
| 分册: | ||
| 出版信息: | 北京 社会科学文献出版社 2020 |
|
| 页数: | 547页 | |
| 开本: | 21cm | |
| 丛书名: | ||
| 单 册: | ||
| 中图分类: | K565.43 , K565 | |
| 科图分类: | ||
| 主题词: | 普法战争--史料 | |
| 电子资源: | ||
| ISBN: | 978-7-5201-6141-1 | |
| 000 | 01146nam0 2200253 450 | |
| 001 | 2267208278 | |
| 005 | 20220921184036.81 | |
| 010 | @a978-7-5201-6141-1@b精装@dCNY92.00 | |
| 100 | @a20200905d2020 em y0chiy50 ea | |
| 101 | 1 | @achi@ceng |
| 102 | @aCN@b110000 | |
| 105 | @aab z 001yy | |
| 200 | 1 | @a普法战争@9pu fa zhan zheng@e1870-1871年德国对法国的征服@dThe Franco-Prussian War@ethe German conquest of France in 1870-1871@f(美)杰弗里·瓦夫罗(Geoffrey Wawro)著@g林国荣译@zeng |
| 210 | @a北京@c社会科学文献出版社@d2020 | |
| 215 | @a547页@c图,地图@d21cm | |
| 330 | @a本书以时间为线,呈现了普法战争中的各个战役,格拉沃洛特、色当的血腥战役以及卢瓦尔河和巴黎的收官屠杀场。除了讲述惨烈的战争过程,作者更是刻画了俾斯麦、拿破仑三世、威廉一世、毛奇、巴赞等那个时代的璀璨群星,正是他们让这场战争始于政治谋略,终于政治谋略。 | |
| 510 | 1 | @aFranco-Prussian War@ethe German conquest of France in 1870-1871@zeng |
| 606 | 0 | @a普法战争@j史料 |
| 690 | @aK565.43@v5 | |
| 690 | @aK565@v4 | |
| 701 | 0 | @c(美)@a瓦夫罗@9wa fu luo@c(Wawro, Geoffrey)@4著 |
| 702 | 0 | @a林国荣@9lin guo rong@4译 |
| 801 | 0 | @aCN@b91MARC@c20200905 |
| 905 | @aZUCC@dK565@e5 | |
| 普法战争:1870-1871年德国对法国的征服=The Franco-Prussian War:the German conquest of France in 1870-1871/(美)杰弗里·瓦夫罗(Geoffrey Wawro)著/林国荣译.-北京:社会科学文献出版社,2020 |
| 547页:图,地图;21cm |
| ISBN 978-7-5201-6141-1(精装):CNY92.00 |
| 本书以时间为线,呈现了普法战争中的各个战役,格拉沃洛特、色当的血腥战役以及卢瓦尔河和巴黎的收官屠杀场。除了讲述惨烈的战争过程,作者更是刻画了俾斯麦、拿破仑三世、威廉一世、毛奇、巴赞等那个时代的璀璨群星,正是他们让这场战争始于政治谋略,终于政治谋略。 |
| ● |
| 相关链接 |
|
|
|
正题名:普法战争
索取号:K565/5
 
预约/预借
| 序号 | 登录号 | 条形码 | 馆藏地/架位号 | 状态 | 备注 |
| 1 | 2000901043 | 2000901043 | 第三书库/ [索取号:K565/5] | 在馆 | |
| 2 | 2000901044 | 2000901044 | 第三书库/ [索取号:K565/5] | 在馆 | |
| 3 | 2000901045 | 2000901045 | 第三书库/ [索取号:K565/5] | 在馆 |